00908nam a2200193 a 450000100100000000500170001000800410002702000150006804000250008310000430010824501780015126000750032949000480040450400250045271000600047783000550053795201050059299900170069700004119420201002034709.0130925s1975 sp 000 0 spa d a8400042123 aDO-SdBNPbspacBNPHU1 aSobrequés i Callicó, Jaume.96776610aCatálogo de la Cancilleria de Enrique IV de Castilla señor del principado de Cataluña :b(lugartenencia de Juan de Beaumont, 1462-1464) /cJaime Sobrequés Callicó. aBarcelona :bConsejo Superior de Investigaciones Científicas,c1975.1 aAnuario de estudios medievales.aanejo ;v7 axi, 508 p. ;c25 cm.2 aConsejo Superior de Investigaciones Científicas94786 0aAnuario de estudios medievales.panejo ;v7964050 001050718MOaGRbGRcCTd2013-09-25iLF1l0o p41194-10r2020-06-25w2020-06-25y1ZNo se presta c40684d40684